000 00593nam a22002177a 4500
003 SEM
999 _c72218
_d72218
005 20220608074948.0
008 220207s2000 us ||||gr|||||00| 0 eng|d
020 _a1573123242
040 _aSEM
_cSEM
041 _aeng
080 _a809.245/R-68
100 _aRocine B. M.
245 _aLearning biblical hebrew.
_bA new approach using discourse analysis /
_cB. M. Rocine
260 _aMacon :
_bSmyth&Helwys,
_c2000.
300 _aXVI+437 p. ;
_c28 cm
504 _aBibliogr. p.: 427-430; Index p.: 431-437
650 _aHebrew
653 _aՍԷՄ
942 _2udc
_cBK